Berühmte Gemälde zu Maler - Statistiken

Allgemein
  • Dieses Quiz wurde 18.559 mal gespielt
    18.495 seit der letzten Aktualisierung
  • Das Durchschnittsergebnis liegt bei 11 aus 22
Antwortstatistiken
Hint Antwort % Korrekt
Banksy
77%
Vincent Van Gogh
75%
Michelangelo
63%
Frida Kahlo
61%
Leonardo da Vinci
61%
Salvador Dalí
59%
Katsushika Hokusai
59%
Caspar David Friedrich
56%
Andy Warhol
56%
Claude Monet
54%
Edvard Munch
54%
Pablo Picasso
48%
Friedensreich Hundertwasser
41%
Gustav Klimt
39%
Rembrandt van Rijn
39%
Sandro Botticelli
34%
Jan Vermeer
33%
Edward Hopper
32%
Wassily Kandinsky
31%
Jackson Pollock
29%
Raphael
26%
Paul Gauguin
25%
Keine übereinstimmenden Quizze gefunden
Verteilung der Resultate
Anzahl Personen mit jedem Resultat
Perzentil nach korrekt beantworteten Fragen
Ihre Resultats-Entwicklung
Sie haben dieses Quiz seit der letzten Aktualisierung nicht gespielt